000
00201nam a22000977a 4500
040
_c
SCME
082
_a
297.63 R224S
100
_a
Dr.Rehana Rasheed
_9
97631
245
_a
Subah Laraib
942
_2
ddc
_c
BK
999
_c
609056
_d
609056